000 00520nam a2200193Ia 4500
003 OSt
005 20250902113210.0
008 220917b |||||||| |||| 00| 0 eng d
037 _cTB
040 _aARTS
_cARTS
_beng
041 _2eng
_aeng
084 _aTv2.N3 K3
_qAL
100 _aSrivastava Bhagwan Dayal
_9139546
245 0 _aDevelopment of modern Indian education
260 _c1963
650 _aEDUCATION
942 _hTv2.N3 K3
_cTB
_2CC
_n0
999 _c271388
_d271388